000 00726nam a2200289Ia 4500
005 20260324125018.0
008 008 260324s9999 xx 000 0 eng d
020 _a9780203878361
037 _aEBOOK
040 _aCRL
040 _beng
040 _cCRL
041 _2eng
041 _aeng
084 _qCRL
100 _aClaudia Frank; Sophie Leighton; Elizabeth Spillius; Sue Young
_91176355
245 0 _aMelanie Klein in Berlin
245 0 _bHer First Psychoanalyses of Children
260 _bTaylor and Francis
260 _c2009
365 _a
365 _b195
856 _uhttp://www.taylorfrancis.com/books/9780203878361
942 _cEBOOK
999 _c1771240
_d1771240